000 01223cab a22002055a 4500
001 L149028
008 091215e20091107xxka f g 000 0 eng d
035 _a(Sirsi) u149028
041 0 _aeng
100 1 _aPhillips, Mike
245 0 0 _aDeeper impact
260 _c2009
490 _aEstates Gazette
_v(0944) 7 November 2009, 48-53(5)
520 _aPresents the results of the annual survey of fund managers by Property Funds Research for the period from June 2008 to June 2009. Reports that these months were the worst in this research history since 2002-2003. Eight out of 59 managers experienced a rise in assets over this period. At the top of the league is Aviva Investors, followed by PRUPIM in second position and Standard Life in third position. Includes a table of top managers by total value of assets under management; top managers by value of their indirect vehicles; top managers by value of their discretionary mandates; top vehicles by gross asset value; vehicles launched over the past nine months; and fund launches.
590 _aKA
651 4 _aEngland and Wales
_y1543-
690 _aPROPERTY-COMMERCIAL PROPERTY-COMMERCIAL PROPERTY FINANCE AND INVESTMENT
700 1 _aPotts, Andy
942 _n0
999 _c82033
_d82033